000 00977nam a2200277Ia 4500
003 OSt
005 20220927103146.0
006 a|||||r|||| 00| 0
007 ta
008 220926b |||||||| |||| 00| 0 eng d
024 _a27332
037 _cReference Collections
040 _aRTL
_cRTL
_beng
041 _2eng
_aeng
082 _a"X:531.791.N8, M8/UN"
100 _aUnited Nations economic commission for latin American and the Caribbean
_9354162
110 _aUnited Nations; UNITED NATIONS.
_9354163
245 0 _aProtectionism regional negotiation and defence strategies
260 _aChile
_bU N
_c1988
300 _a261p
_ccm.
490 _a"Cusdernos De La cepal,59"
650 _aProtection
_9354164
700 _aUnited Nations; UNITED NATIONS.
_9354165
942 _h"X:531.791.N8, M8/UN"
_cCC
999 _c681190
_d681190